Entry Personal Name
Number of records used in: 1
001 - CONTROL NUMBER
003 - CONTROL NUMBER IDENTIFIER
005 - DATE AND TIME OF LATEST TRANSACTION
- control field:
20220103125826.0
008 - FIXED-LENGTH DATA ELEMENTS
- fixed length control field:
981103n| acannaab| |n aaa |||
010 ## - LIBRARY OF CONGRESS CONTROL NUMBER
- LC control number:
n 98098491
040 ## - CATALOGING SOURCE
- Original cataloging agency:
DLC
- Transcribing agency:
DLC
100 10 - HEADING--PERSONAL NAME
- Personal name:
Huber, Roy A.
670 ## - SOURCE DATA FOUND
- Source citation:
Handwriting identification, 1999:
- Information found:
CIP t.p. (Roy A. Huber, B.Sc., assist. commissioner, RCMP (Ret.))